Very Difficult Flags #17 - Statistics

General Stats
  • This quiz has been taken 48 times
  • The average score is 3 of 16
Answer Stats
Picture Answer % Correct
Costa Rica
90%
South Azerbaijan
59%
Tuva
37%
Sakha
24%
Tatarstan
20%
Altai
15%
Ladonia
15%
Gagauzia
12%
Akhzivland
7%
Nagano
5%
Redding
5%
Uzupis
5%
Glacier Republic
2%
Islandia
2%
Orange Order
2%
Verdis
2%
No matching quizzes found
Score Distribution
Percent of People with Each Score
Percentile by Number Answered
Your Score History
You have not taken this quiz